Statistics for Cher Songs

Click here to take the quiz!

General Stats

  • This quiz has been taken 11 times
  • The average score is 4 of 12

Answer Stats

YearPeakSong% Correct
19991Believe
80%
19711Gypsys, Tramps & Thieves
70%
19893If I Could Turn Back Time
70%
19731Half-Breed
40%
19741Dark Lady
40%
19896After All
20%
198810I Found Someone
20%
19662Bang Bang (My Baby Shot Me Down)
10%
19898Just Like Jesse James
10%
19798Take Me Home
10%
19727The Way Of Love
0%
19679You Better Sit Down Kids
0%

Score Distribution

Percentile by Number Answered

Percent of People with Each Score

Your Score History

You have not taken this quiz